000 00764nam a2200205Ia 4500
003 GCL
008 140319s9999 xx 000 0 ara d
020 _a1081610977
040 _aGCL /
_cGCL
082 0 4 _a925.4
_bع ر
100 1 _aعادل طه يونس
245 1 0 _aرواد العلم فى القرن العشرين :
_bترجمة لحياة العلماء الحائزين لجوائز نوبل فى الكيمياء على مدى 94 عاما(1901-1994) /
_cعادل طه يونس
250 _aالاولى
260 _aالقاهرة :
_bدار الفكر العربى ،
_c1996
300 _a283 ص ؛
_c24 سم
650 0 4 _aالكيمياء
650 0 4 _aجائزة نوبل
650 0 4 _aالكيميائيون - تراجم
942 _2ddc
_cBK
999 _c4924
_d4924